[Event "Avoine op 24th"]
[Site "Avoine"]
[Date "2009.07.23"]
[Round "6"]
[White "Barta, Ismael"]
[Black "Algaba, Solene"]
[Result "1-0"]
[WhiteElo "1733"]
[BlackElo "1970"]
[PlyCount "97"]
[EventDate "2009.07.18"]
[EventType "swiss"]
[EventRounds "9"]
[EventCountry "FRA"]
[SourceTitle "CBM 131 Extra"]
[Source "ChessBase"]
[SourceDate "2009.09.03"]
[SourceVersion "2"]
[SourceVersionDate "2009.09.16"]
[SourceQuality "1"]

1. Nf3 d5 2. d4 Nf6 3. c4 c6 4. Nc3 dxc4 5. a4 Bf5 6. e3 e6 7. Bxc4 Bb4 8. 0-0 0-0 9. Qb3 Qb6 10. Nh4 Ba5 11. Qxb6 Bxb6 12. Nxf5 exf5 13. a5 Bc7 14. Rd1 Nbd7 15. d5 Ne5 16. Be2 Rad8 17. dxc6 Nxc6 18. Rxd8 Rxd8 19. a6 b6 20. Ra4 Nd5 21. Nxd5 Rxd5 22. Rc4 Rc5 23. Rxc5 bxc5 24. Bd2 Nb4 25. Bc4 Kf8 26. f3 Ke7 27. Bc3 f6 28. Kf2 Kd7 29. f4 Ke7 30. h3 Kd6 31. g4 fxg4 32. hxg4 Nd5 33. Bd2 g5 34. Kf3 Bd8 35. Ke4 Ne7 36. Bc3 Ng6 37. Bg8 h6 38. Bc4 Be7 39. Be1 Bd8 40. b4 cxb4 41. Bxb4+ Kc6 42. Bc3 Nh4 43. Bd4 Bb6 44. Bxf6 Ng2 45. fxg5 hxg5 46. Bxg5 Kc5 47. Bf1 Ne1 48. Bf6 Kd6 49. Bd4 1-0

[Event "FRA-ch op-D"]
[Site "Pau"]
[Date "2008.08.21"]
[Round "9"]
[White "Laudat, Philippe"]
[Black "Barta, Ismael"]
[Result "0-1"]
[WhiteElo "1457"]
[BlackElo "1399"]
[PlyCount "122"]
[EventDate "2008.08.11"]
[EventType "swiss"]
[EventRounds "9"]
[EventCountry "FRA"]
[SourceTitle "CBM 126 Extra"]
[Source "ChessBase"]
[SourceDate "2008.11.05"]
[SourceVersion "1"]
[SourceVersionDate "2008.11.05"]
[SourceQuality "1"]

1. d4 d5 2. Bf4 c5 3. c3 Bf5 4. e3 Nd7 5. Bd3 Bxd3 6. Qxd3 e6 7. Nf3 Qb6 8. Qc2 Ngf6 9. Nbd2 Be7 10. 0-0 Nh5 11. Bg3 Nxg3 12. fxg3 Nf6 13. e4 cxd4 14. cxd4 0-0 15. e5 Nd7 16. Nb3 Rac8 17. Qd1 Rc7 18. Rc1 Rfc8 19. Rxc7 Rxc7 20. Kh1 f6 21. Qe2 fxe5 22. Nxe5 Nf6 23. Qf2 Bd6 24. Nc5 Bxc5 25. dxc5 Qxc5 26. Qf4 Qd6 27. Qd4 b6 28. Re1 Nd7 29. h3 Nxe5 30. Rxe5 Rf7 31. Kh2 g6 32. Qc3 Rf5 33. Qc8+ Kf7 34. Re2 d4 35. Qb7+ Qe7 36. Qe4 e5 37. g4 Rf6 38. Qd5+ Kg7 39. Qxe5 Qxe5+ 40. Rxe5 Rd6 41. Kg3 d3 42. Re1 d2 43. Rd1 Kf6 44. Kf4 g5+ 45. Ke3 Ke5 46. Rxd2 Rxd2 47. Kxd2 Kf4 48. Ke2 Ke4 49. g3 h6 50. h4 a6 51. b3 b5 52. b4 Kd4 53. Kd2 Kc4 54. Kc2 Kxb4 55. Kb2 a5 56. a3+ Kc4 57. Kc2 Kd4 58. Kd2 Ke4 59. Ke2 b4 60. axb4 axb4 61. hxg5 hxg5 0-1